01057nam a22002297a 45000010005000000030006000050050017000110080041000280400029000690500008000980820008001061000036001142450077001502600051002273000045002785050007003235200397003305210027007275210018007546500025007727000030007979492FISKH20260115091144.0260115b cb ||||| |||| 00| 0 eng d aFISKHbengcFISKHdFISKH aPZ7 a813 aWilliams, Ursula Moray eAuthor aNo boys allowed /cby Ursula Moray Williams ; illustrated by Dora Leder  aChicago :bScience Research Associates ,c1972 a32 pages :bcolor illustrations ;c21 cm aR  aAunt Hegarty, the famous world explorer, asks her five nieces to go with her on her next sea voyage. There is only one rule-no boys will be allowed on her boat. Then a sixth niece, Annie, arrives from an orphanage to join Sophie, Harriet, Rose, Lucy, and Emma on the Happy-Go-Gay. The little streamer leaves and all seems well. But soon, strange noises are heard from down in the ship's hold!8 a750 bLexile estimate 8 aR bRaz-Plus  aSea voyagevExplorer aLeder, Dora eIllustrator